| 000 | 00409cam a22001217a 4500 | ||
|---|---|---|---|
| 008 | 180718b1955 xxu||||| |||| 00| 0 eng d | ||
| 082 | _aA6x5406 C393 | ||
| 100 | _aChaudhuri, Sashi Bhusan | ||
| 245 |
_aCivil disturbances during the British rule in India. _cby Sashi Bhusan Chaudhuri |
||
| 260 |
_aCalcutta _bWorld Press _c1955 |
||
| 300 | _axxiii, 231p | ||
| 650 | _aIndia -History -British occupation, 1765-1947. | ||
| 999 |
_c412118 _d412118 |
||